Star Wars : Qui-Gon Jinn - Statistiques

Statistiques générales
  • Ce quiz a été pris 19 fois
  • Le résultat moyen est 9 sur 10
Statistiques - réponses
Hint Réponse % Correct
Son apprenti Son apprenti Obi-Wan Kenobi
100%
Couleur de son sabre laser Couleur de son sabre laser Vert
100%
Enfant qu'il sauve de l'esclavage Enfant qu'il sauve de l'esclavage Anakin Skywalker
94%
Son meurtrier Son meurtrier Dark Maul
94%
Planète où il trouve l'élu Planète où il trouve "l'élu" Tatooine
94%
Film d'apparition Film d'apparition La Menace fantôme
89%
Planète où il décède Planète où il décède Naboo
83%
Maitre Jedi Son maître Jedi Comte Dooku
78%
Planète où il habite Planète où il habite Coruscant
72%
Acteur l'interprétant dans les films Acteur l'interprétant Liam Neeson
72%
Aucun quiz correspondant
Distribution des résultats
% des personnes avec chaque résultat
Percentile par nombre de réponses
Votre historique - résultats
Vous n’avez pas pris ce quiz